000 00439nam a22001697a 4500
003 NUST - PNEC
005 20170116181115.0
008 151004b xxu||||| |||| 00| 0 eng d
020 _a0304293253
040 _cLIBRARY
082 _a657.42 BUY
100 _913141
_aBuyers, Charles Ian
245 _aPrinciples of cost accountancy
_cCharles Ian Buyers
260 _cc.1984
650 _913143
_aCost accounting
_xMIS
942 _2ddc
_cBK
999 _c69284
_d69284